| 000 | 01122nac a22002651u 4500 | ||
|---|---|---|---|
| 010 | _a 2002068075 | ||
| 020 | _a0415267757 | ||
| 020 | _a0415267765 (pbk.) | ||
| 035 | _a(OCoLC)ocm50040983 | ||
| 082 | 0 | 0 |
_a327.73009045 _bCAM. |
| 090 |
_c5392 _d5392 |
||
| 100 | _aCameron, Fraser, | ||
| 245 | 1 | 0 |
_aUS foreign policy after the Cold War :global hegemon or reluctant sheriff ? / _cFraser Cameron. |
| 246 | 3 | _aUnited States foreign policy after the Cold War | |
| 246 | 3 | _aU.S. foreign policy after the Cold War | |
| 260 |
_aLondon ; _aNew York : _bRoutledge,c.2002. _cc.2002. |
||
| 300 |
_axviii, 221 p. ; _c25 cm. |
||
| 500 | _aDistributer :Al Ahram. | ||
| 504 | _aIncludes bibliographical references (p. 207-215) and index. | ||
| 511 | _aCatalogued By : Mahitab. | ||
| 651 | 0 |
_aUnited States _xForeign relations _y1989- |
|
| 856 | 4 | 2 |
_3Publisher description _uhttp://www.loc.gov/catdir/enhancements/fy0650/2002068075-d.html |
| 942 |
_cBB _k327.73009045CAM. |
||
| 999 |
_c5392 _d5392 |
||